| Record ID | ia:programmedrudime0000ottm |
| Source | Internet Archive |
| Download MARC XML | https://archive.org/download/programmedrudime0000ottm/programmedrudime0000ottm_marc.xml |
| Download MARC binary | https://www.archive.org/download/programmedrudime0000ottm/programmedrudime0000ottm_meta.mrc |
LEADER: 00675cam a2200217 i 4500
001 78017256
003 DLC
005 20001013110532.0
008 780522s1979 njua pi 001 0 eng
010 $a 78017256
020 $a0137299621
040 $aDLC$cDLC$dDLC
050 10 $aMT7$b.O816
082 00 $a781/.07/7
100 1 $aOttman, Robert W.
245 10 $aProgrammed rudiments of music /$cRobert W. Ottman and Frank D. Mainous.
260 $aEnglewood Cliffs, N.J. :$bPrentice-Hall,$cc1979.
300 $axii, 356 p. :$bill. ;$c28 cm.
500 $aIncludes index.
650 0 $aMusic theory$vElementary works$vProgrammed instruction.
700 1 $aMainous, Frank D.,$ejoint author.